000 00323nam a22001217a 4500
008 160504b xxu||||| |||| 00| 0 eng d
020 _a9781401810702
020 _a1401810705
041 _aeng
080 _a618.2
245 _aDelmars Fundamental advanced nursing skills handbook:
_cGaylene Bouska Altman;
942 _2udc
_cBK
999 _c1793
_d1793